Nauchnai︠a︡ metafora : modelʹno-semioticheskiĭ podkhod /

Научная метафора : модельно-семиотический подход /
Bibliographic Details
Main Author: Baranov, G. S.
Corporate Author: Kemerovskiĭ gosudarstvennyĭ universitet
Format: Book
Language:Russian
Published: Kemerovo : Kuzbassvuzizdat, 1992-<1993>
Subjects:

MARC

Tag First Indicator Second Indicator Subfields
LEADER 00000cam a2200000 a 4500
001 in00002575137
005 20151201153314.0
008 950727m19929999ru b 000 0 ruso
010 |a  95184051   |z  94198641  
020 |a 5202000138 
020 |a 9785202000133 
035 |a (OCoLC)ocm33281237 
035 |a (OCoLC)33281237 
040 |a DLC  |c DLC  |d OCLCQ  |d UKMGB  |d TXA  |d UtOrBLW 
049 |a TXAM 
050 0 0 |a P99.4.M48  |b B37 1992 
100 1 |6 880-01  |a Baranov, G. S. 
245 1 0 |6 880-02  |a Nauchnai︠a︡ metafora :  |b modelʹno-semioticheskiĭ podkhod /  |c G.S. Baranov. 
264 1 |6 880-03  |a Kemerovo :  |b Kuzbassvuzizdat,  |c 1992-<1993> 
300 |a volumes <1-2> ;  |c 21 cm. 
336 |a text  |b txt  |2 rdacontent 
337 |a unmediated  |b n  |2 rdamedia 
338 |a volume  |b nc  |2 rdacarrier 
500 |6 880-04  |a At head of title, volume 1: Ministerstvo nauki, vysshego obrazovanii︠a︡ i tekhnicheskoĭ politiki Rossiĭskoĭ Federat︠s︡ii. Kemerovskiĭ gosudarstvennyĭ universitet; volume 2- : Komitet Rossiĭskoĭ Federat︠s︡ii po vysshemu obrazovanii︠u︡. Kemerovskiĭ gosudarstvennyĭ universitet. 
504 |a Includes bibliographical references. 
505 0 |6 880-05  |a ch. 1. Sovremennye lingvofilosofskie kont︠s︡ept︠s︡ii metafory -- ch. 2. Teorii︠a︡ nauchnoĭ metafory 
650 0 |a Metaphor. 
650 0 |a Semiotics. 
650 0 |a Thought and thinking. 
650 0 |a Semantics (Philosophy) 
650 0 |a Science  |x Language. 
710 2 |a Kemerovskiĭ gosudarstvennyĭ universitet. 
880 1 |6 100-01  |a Баранов, Г. С. 
880 1 0 |6 245-02  |a Научная метафора :  |b модельно-семиотический подход /  |c Г.С. Баранов. 
880 |6 264-03  |a Кемерово :  |b Кузбассвузиздат,  |c 1992-<1993> 
880 |6 500-04  |a At head of title, ч. 1.: Министерство науки, высшего образования и технической политики Российской Федерации. Кемеровский государственный университет; ч. 2- : Комитет Российской Федерации по высшему образованию. Кемеровский государственный университет. 
880 0 |6 505-05  |a ч. 1. Современные лингвофилософские концепции метафоры -- ч. 2. Теория научной метафоры 
948 |a cataloged  |b h  |c 2010/7/29  |d c  |e tchubaryan  |f 12:48:14 pm 
994 |a C0  |b TXA 
999 |a MARS 
999 f f |s cea8846d-41b3-383d-80cb-8b803af77616  |i 0d7a7b80-c651-36ae-b134-bdc5ca1f45cc  |t 0 
952 f f |p ric  |a Texas A&M University  |b Rellis Campus  |c Joint Library Facility  |d Remote Storage  |t 0  |e P99.4.M48 B37 1992  |h Library of Congress classification  |i unmediated -- volume  |k ch.1  |m A14839240058 
998 f f |a P99.4.M48 B37 1992  |s ch. 1  |t 0  |l Remote Storage